=LDR 00000nam 2200000 4500 =001 INLIS000000000049517 =005 20250507090602 =035 ##$$a 0010-021700000000309 =008 250507################b##########0#ind## =020 ##$$a 978 602 8714 68 6 =082 ##$$a 028.5 =090 ##$$a tau a.1 =100 ##$$a Taufik Remington =245 1#$$a Aku bersyukur atas keadaanku /$c Taufik Remington =260 ##$$a Bandung :$b Larana Ilmu Pustaka,$c 2012 =300 ##$$a 70 hal : $b ilus ; $c 21 cm =850 ##$$a nbpnmat =084 ##$$a 028.5 TAU a =990 ##$$a 21601992/BPAP-NTB/2017 =990 ##$$a 21305305 =990 ##$$a 21305307 =990 ##$$a 21305308